000 00321nam a22001337a 4500
008 180202b xxu||||| |||| 00| 0 eng d
020 _a9780965877718
041 _aeng
080 _a610
100 _a4
101 _aSHM
245 _aDisease Prevention and Treatment Protocols
_cLIFE EXTENSION MEDIA
942 _2udc
_cBK
999 _c41614
_d41614